Fundamental astronomy (Record no. 9374)
[ view plain ]
| 000 -LEADER | |
|---|---|
| fixed length control field | 00654nam a2200229Ia 4500 |
| 003 - CONTROL NUMBER IDENTIFIER | |
| control field | IN-BaIIA |
| 008 - FIXED-LENGTH DATA ELEMENTS--GENERAL INFORMATION | |
| fixed length control field | 211028s9999 xx 000 0 eng d |
| 020 ## - INTERNATIONAL STANDARD BOOK NUMBER | |
| International Standard Book Number | 3-540-17264-5 |
| 040 ## - CATALOGING SOURCE | |
| Transcribing agency | IIA Library |
| 080 ## - UNIVERSAL DECIMAL CLASSIFICATION NUMBER | |
| Universal Decimal Classification number | 52 |
| Item number | FUN |
| 245 #0 - TITLE STATEMENT | |
| Title | Fundamental astronomy |
| Statement of responsibility, etc. | edited by H. Kartunen…[et al.] |
| 260 ## - PUBLICATION, DISTRIBUTION, ETC. | |
| Place of publication, distribution, etc. | Berlin |
| Name of publisher, distributor, etc. | Springer-Verlag |
| Date of publication, distribution, etc. | 1987 |
| 300 ## - PHYSICAL DESCRIPTION | |
| Extent | xi, 478p. |
| 650 ## - SUBJECT ADDED ENTRY--TOPICAL TERM | |
| Topical term or geographic name entry element | Astronomy |
| 9 (RLIN) | 80 |
| 650 ## - SUBJECT ADDED ENTRY--TOPICAL TERM | |
| Topical term or geographic name entry element | Astronomy and astrophysics thesaurus |
| 700 ## - ADDED ENTRY--PERSONAL NAME | |
| Personal name | Kartunen, H., ed. |
| 9 (RLIN) | 15777 |
| 700 ## - ADDED ENTRY--PERSONAL NAME | |
| Personal name | Kroger, P., ed. |
| 9 (RLIN) | 15778 |
| 700 ## - ADDED ENTRY--PERSONAL NAME | |
| Personal name | Oja, H., ed. |
| 9 (RLIN) | 15779 |
| 700 ## - ADDED ENTRY--PERSONAL NAME | |
| Personal name | Poutanen, M., ed. |
| 9 (RLIN) | 15780 |
| 710 ## - ADDED ENTRY--CORPORATE NAME | |
| Corporate name or jurisdiction name as entry element | Donner, K. J., ed. |
| 9 (RLIN) | 15781 |
| 942 ## - ADDED ENTRY ELEMENTS (KOHA) | |
| Koha item type | Books |
| Withdrawn status | Lost status | Damaged status | Not for loan | Home library | Current library | Shelving location | Date acquired | Cost, normal purchase price | Total Checkouts | Full call number | Barcode | Date last seen | Date last checked out | Cost, replacement price | Price effective from | Koha item type | Purchase Price |
|---|---|---|---|---|---|---|---|---|---|---|---|---|---|---|---|---|---|
| IIA Library-Bangalore | IIA Library-Bangalore | General Stacks | 1036.80 | 1 | 52/ FUN | 10284 | 23/01/2024 | 11/10/2023 | 1036.80 | Books | Rs. 1036.80 |